Teória hier a evolučne stabilná stratégia
Uložené v:
| Hlavný autor: | |
|---|---|
| Médium: | Kapitola |
| Jazyk: | English |
| Predmet: | |
| Tagy: |
Žiadne tagy, Buďte prvý, kto otaguje tento záznam!
|
MARC
| LEADER | 00000naa$a2200000$$$4500 | ||
|---|---|---|---|
| 001 | 0272015 | ||
| 005 | 20240502074305.2 | ||
| 041 | 0 | |a eng | |
| 044 | |a SK | ||
| 245 | 1 | 0 | |a Teória hier a evolučne stabilná stratégia |c Allan Jose Sequeira Lopez |
| 500 | |a abstrakt | ||
| 610 | 2 | 0 | |a populácia |
| 610 | 2 | 0 | |a teória hier |
| 610 | 2 | 0 | |a štatistika matematická |
| 610 | 2 | 0 | |a vývoj |
| 100 | 1 | |a Sequeira Lopez, Allan Jose, 1986- | |